| 000 | 01008nam0a22002651 4500 | ||
|---|---|---|---|
| 001 | rc\3131599 | ||
| 005 | 20260407144627.0 | ||
| 021 |
_aRU _bРг14187-75 |
||
| 021 |
_aRU _b75-71344 |
||
| 035 | _a(NLR Aleph) 007285493 | ||
| 090 |
_a5554345 _c5554345 |
||
| 100 | _a20120615d1975 |||y0rusy50 ca | ||
| 101 | 0 | _arus | |
| 102 | _aRU | ||
| 105 | _ay z ||||| | ||
| 200 | 1 |
_aРекомендации по созданию системы нормативов для планирования качества продукции _eОсновные положения _e2-я ред. _fГос. ком. стандартов Совета Министров СССР. ВНИИ стандартизации |
|
| 210 |
_aМосква _cБ. и. _d1975 |
||
| 215 |
_a31 с. _d29 |
||
| 320 | _aБиблиогр.: с. 29-30 | ||
| 712 | 0 | 2 |
_aВНИИ стандартизации _3RU\NLR\AUTH\8810020283 _9538563 |
| 801 | 0 |
_aRU _bNLR _gpsbo |
|
| 801 | 1 |
_aRU _bELAR _2rusmarc |
|
| 852 |
_aNLR _j75-8/996 |
||
| 942 | _cBOOK | ||
| 980 | _aNB | ||